• 首页
  • 本馆介绍
  • 公告通知
  • 最新文献
  • 馆藏检索
  • 电子资源
  • 读者导购
  • 参考咨询
  • 我的图书馆
  • 登录
  • 详细信息显示
  • 放入我的书架
  • 预约/预借图书
  • 作者相关作品
  • 分类相关作品
  • 丛书相关作品
  • 出版社相关作品

书目信息

  • 表格格式
  • 工作单格式
  • 卡片格式
题名:
啊哈编程星球
    
 
作者: 啊哈磊 主编
分册:  
出版信息: 北京   电子工业出版社  2019.10
页数: 330页
开本: 21cm
丛书名:
单 册:
中图分类: TP311.561 , TP312.8
科图分类:
主题词: 软件工具--ruan jian gong ju--程序设计 , C++语言--C++yu yan--程序设计
电子资源:
ISBN: 978-7-121-37169-1
000 01569nam0 2200289 450
001 0109110151
005 20201109110337.0
010    @a978-7-121-37169-1@dCNY89.00
100    @a20200408d2019 em y0chiy50 ea
101 0  @achi
102    @aCN@b110000
105    @aa z 000yy
106    @ar
200 1  @a啊哈编程星球@Aa ha bian cheng xing qiu@e一本书入门Python和C++@f啊哈磊主编
210    @a北京@c电子工业出版社@d2019.10
215    @a330页@c彩图@d21cm
300    @a博文视点
314    @a啊哈磊,啊哈编程创始人,曾经的编程算法竞赛保送生,毕业于武汉大学。过去曾在微软亚洲研究院从事机器学习相关研发工作,也做过老师,是全国青少年信息学奥林匹克竞赛金牌教练。
330    @a公元3017年,人工智能高度发达,主角啊哈沃德在使用虚拟现实设备时,意外穿越进一个被称为”AhaPlanet”的数据世界。在这里,他要使用循环解救被困的人工智能小女孩、使用条件判断躲避邪恶反派的陷阱、学习各种逻辑和算法与数据黑客们并肩作战。在探索数据世界本源的过程中,从编程小白逐渐成长为拯救世界的高级黑客,经历一段传奇的冒险旅行。本书是同名少儿编程教育软件《啊哈编程星球》的配套入门图书。不但包含了啊哈编程星球的全关卡思路讲解及通关代码,在每章结尾,还有关于学习内容的知识总结。通过跌宕起伏的剧情、生动有趣的故事和风趣幽默的语言,让你轻松入门基础Python和C++语言编程。
517 1  @a一本书入门Python和C++@Ayi ben shu ru men python he c++
606 0  @a软件工具@Aruan jian gong ju@x程序设计
606 0  @aC++语言@AC++yu yan@x程序设计
690    @aTP311.561@v5
690    @aTP312.8@v5
701  0 @a啊哈磊@Aa ha lei@4主编
801  0 @aCN@bBJSZM@c20201103
905    @b1213889-90@dTP311.561@e1565@f2
    
    啊哈编程星球:一本书入门Python和C++/啊哈磊主编.-北京:电子工业出版社,2019.10
    330页:彩图;21cm
    博文视点
    
    ISBN 978-7-121-37169-1:CNY89.00
    公元3017年,人工智能高度发达,主角啊哈沃德在使用虚拟现实设备时,意外穿越进一个被称为”AhaPlanet”的数据世界。在这里,他要使用循环解救被困的人工智能小女孩、使用条件判断躲避邪恶反派的陷阱、学习各种逻辑和算法与数据黑客们并肩作战。在探索数据世界本源的过程中,从编程小白逐渐成长为拯救世界的高级黑客,经历一段传奇的冒险旅行。本书是同名少儿编程教育软件《啊哈编程星球》的配套入门图书。不但包含了啊哈编程星球的全关卡思路讲解及通关代码,在每章结尾,还有关于学习内容的知识总结。通过跌宕起伏的剧情、生动有趣的故事和风趣幽默的语言,让你轻松入门基础Python和C++语言编程。
●
相关链接 在E读中查询图书 在五车中查询图书 在当当中查询图书 在豆瓣中查询图书


正题名:啊哈编程星球     索取号:TP311.561/1565         预约/预借

序号 登录号 条形码 馆藏地/架位号 状态 备注
1 1213889   212138890   第二样本阅览室/ [索取号:TP311.561/1565] 在馆    
2 1213890   212138907   第三借阅区/ [索取号:TP311.561/1565] 在馆    
唐山师范学院图书馆 欢迎您!
大连网信软件有限公司© 版权所有